La Culture Générale en 10 questions #2 - Statistiques

Statistiques générales
  • Ce quiz a été pris 162 fois
  • Le résultat moyen est 7 sur 10
Statistiques - réponses
Hint Réponse % Correct
Combien y a-t-il de pattes sur une araignée ? 8
99%
Dans quel sport peut-on marquer un but avec la tête ? Football
99%
Quel est l’animal emblématique de l’Australie, souvent représenté sautant ? Kangourou
98%
Quel est l’océan qui borde la côte ouest de la France ? Océan Atlantique
87%
Quel pays a remporté la Coupe du monde de football en 2014 ? Allemagne
82%
En quelle année a eu lieu le premier pas sur la Lune ? 1969
80%
Quel est le métal liquide à température ambiante ? Mercure
62%
Quel compositeur est à l’origine de La Flûte enchantée ? Mozart
55%
Quel est le nom du courant littéraire auquel appartient Victor Hugo ? Romantisme
39%
Quel est le nom du satellite naturel de Pluton ? Charon
4%
Aucun quiz correspondant
Distribution des résultats
% des personnes avec chaque résultat
Percentile par nombre de réponses
Votre historique - résultats
Vous n’avez pas pris ce quiz